Busiest Airports in the US and Canada of 2023 - Statistics

General Stats
  • This quiz has been taken 5,991 times
    2,184 since last reset
  • The average score is 38 of 50
Answer Stats
# of Passengers Country % Change from 2022 City Served % Correct
62.5 United States 13.0% New York (JFK)
98%
104.7 United States 11.7% Atlanta
97%
75.1 United States 13.8% Los Angeles
97%
32.4 United States 11.7% New York (LGA)
97%
73.9 United States 8.1% Chicago (ORD)
96%
52.3 United States 3.3% Miami
95%
22.1 United States 10.7% Chicago (MDW)
94%
17.6 United States 10.1% Dallas (DAL)
94%
13.9 United States 6.1% Houston (HOU)
94%
50.2 United States 18.7% San Francisco
93%
50.9 United States 10.7% Seattle
93%
44.8 Canada 25.6% Toronto
93%
40.9 United States 13.2% Boston
92%
77.8 United States 12.3% Denver
90%
24.9 Canada 31.2% Vancouver
89%
25.4 United States 6.2% Washington (DCA)
89%
24.9 United States 17.3% Washington (IAD)
89%
21.2 Canada 32.5% Montreal
87%
57.7 United States 15.1% Orlando
87%
81.8 United States 11.4% Dallas/Fort Worth
86%
48.7 United States 9.6% Phoenix
86%
57.7 United States 9.4% Las Vegas
85%
28.1 United States 12.6% Philadelphia
85%
31.5 United States 11.7% Detroit
83%
34.8 United States 11.3% Minneapolis
81%
17.8 United States 20.3% Portland
81%
53.4 United States 11.9% Charlotte
80%
46.2 United States 12.7% Houston (IAH)
80%
24.1 United States 9.3% San Diego
80%
22.1 United States 4.8% Austin
77%
24.0 United States 11.2% Tampa
77%
12.7 United States 7.1% New Orleans
74%
22.9 United States 5.7% Nashville
73%
18.5 Canada 28.0% Calgary
72%
27.0 United States 4.7% Salt Lake City
71%
9.9 United States 13.5% Cleveland
70%
14.9 United States 8.9% Saint Louis
70%
26.2 United States 14.9% Baltimore
69%
10.7 United States 12.8% San Antonio
68%
11.5 United States 17.1% Kansas City
66%
49.1 United States 12.7% Newark
64%
21.4 United States 15.7% Honolulu
63%
9.8 United States 12.6% Indianapolis
62%
14.5 United States 22.6% Raleigh-Durham
55%
12.1 United States 6.7% San Jose
54%
13.0 United States 5.4% Sacramento
51%
11.2 United States 0.8% Oakland
39%
35.1 United States 10.8% Fort Lauderdale
27%
10.1 United States -2.6% Fort Myers
10%
11.7 United States 3.3% Santa Ana
8%
No matching quizzes found
Score Distribution
Percent of People with Each Score
Percentile by Number Answered
Your Score History
You have not taken this quiz since the last reset